Missing Word: 'O' #1s Quiz Stats

 Plays Quiz Updated Jan 9, 2014

Support Sporcle.
Go Orange.
Score 0/16 Timer 03:00
0 Plays Today
Single Title 'O' Word % Correct
We Can Work it ____Out
98.2%
You're The ____ That I WantOne
97.2%
Against All ____ (Take a Look at Me Now)Odds
96%
Where Did ____ Love GoOur
92.8%
Tie a Yellow Ribbon Round the Ole ____ TreeOak
91.1%
____ to Billie JoeOde
89.6%
On My ____Own
87.2%
Get ____ of My CloudOff
86.7%
Single Title 'O' Word % Correct
____ Girl (In the World)Only
83.2%
____ AttractOpposites
82.2%
The Battle of New ____Orleans
80.4%
Come on ____ (All I Want is You)Over
74%
____ Your HeartOpen
66.3%
Boogie ____ _____Oogie
62%
Alley ____Oop
56.4%
____ Town RoadOld
14.1%

Today's Daily Dose

Word Ladder
ING Words

Get the Picture
Nearest Volcano

From the Vault

Don't Stop Believin'

by samsabs

Music 3m
If you struggle with this quiz...don't stop believin'
Remove Ads.
Support Sporcle.
Get the best of Sporcle when you Go Orange. This ad-free experience offers more features, more stats, and more fun while also helping to support Sporcle. Thank you for becoming a member.

Show Comments

Extras

Top Quizzes Today


Score Distribution

Your Account Isn't Verified!

In order to create a playlist on Sporcle, you need to verify the email address you used during registration. Go to your Sporcle Settings to finish the process.

Report this User

Report this user for behavior that violates our Community Guidelines.

Details: